| 000 | 00000nam##2200000za#4500 |
| 001 | 9.577877 |
| 003 | CaOODSP |
| 005 | 20210624185824 |
| 007 | cr ||||||||||| |
| 008 | 150406|1982||||xxc|||||o f|0| 0 eng|d |
| 022 | |a1488-5387 |
| 040 | |aCaOODSP|beng |
| 043 | |an-cn--- |
| 086 | 1 |aFs97-4/1654E-PDF |
| 110 | 1 |aCanada. |bDepartment of Fisheries and Oceans. |
| 245 | 10|aReport of the Working Group on the Interception of Mainland Salmon in Newfoundland / |h[electronic resource]|cby J. Pippy (chairman). |
| 260 | |aSt. John's - Newfoundland and Labrador : |bFisheries and Oceans Canada |cApril 1982. |
| 300 | |a208p.|bfig., graph, maps, references, tables |
| 490 | 1 |aCanadian manuscript report of fisheries and aquatic sciences|x1488-5387|vNo. 1654 |
| 500 | |a"This is the fifth manuscript report from Research and Resource Services, St. John's, Newfoundland."-p.3 of 208. The catalogue number (Fs97-4/1654) and ISSN (0706-6473) for the print edition have been incorrectly copied in this electronic publication. |
| 546 | |a(Résumés en français) |
| 590 | |a13-25-Supp|b2013-10-28 |
| 690 | 07|aFisheries management|2gcpds |
| 690 | 07|aSalt water fish|2gcpds |
| 720 | 1 |aPippy, J. |
| 830 | #0|aCanadian manuscript report of fisheries and aquatic sciences,|x1488-5387|vNo. 1654|w(CaOODSP)9.505211 |
| 856 | 40|ahttp://publications.gc.ca|qPDF|s8.72 MB|uhttps://publications.gc.ca/collections/collection_2013/mpo-dfo/Fs97-4-1654-eng.pdf|yNo. 1654 |